| 000 | 00994 a2200169 4500 | ||
|---|---|---|---|
| 003 | Nust | ||
| 005 | 20170207153454.0 | ||
| 040 | _cNust | ||
| 082 | _a956 | ||
| 100 | _aThayer Philip W | ||
| 245 | _aTensions in the Middle East | ||
| 260 |
_aLondon _bThe Johns Hopkins _c1958 |
||
| 505 | _aThe United States and the Middle East (Page-3) Strategic Military Importance of the Middle East (Page-30) The Middle East in World Affairs (page-50) Problems of Arab Political Behavior (Page-68) The Middle East in the World Economy (page-97) Technical Assistance in the Middle East (page-114) Structural Change in Middle East Society (page-140) Recent Developments in slam (Page-165) The Cyprus Problem (page-193) Israel (page-215) Some Legal Aspects of the Suez Situation (page-243) The United nations and The Suez Crisis (page-273) The Prospects of in the Middle East (page-297) Concluding Comments (page-325) | ||
| 538 | _aAlmirah No.63 Shelf No.4 | ||
| 600 | _aPhilip W.Thayer | ||
| 650 | _aMiddle East | ||
| 942 |
_2ddc _cBK |
||
| 999 |
_c187008 _d187008 |
||